[Event "World ol U16"]
[Site "Corum"]
[Date "2019.11.05"]
[Round "9.9"]
[White "Stremavicius, Pijus"]
[Black "Shirliyev, Allayar"]
[Result "1/2-1/2"]
[WhiteElo "2230"]
[BlackElo "2149"]
[PlyCount "115"]
[EventDate "2019.10.29"]
[EventType "team-swiss"]
[EventRounds "9"]
[EventCountry "TUR"]
[SourceTitle "CBM 192 Extra"]
[Source "Chessbase"]
[SourceDate "2019.11.06"]
[SourceVersion "1"]
[SourceVersionDate "2019.11.06"]
[SourceQuality "1"]
[WhiteTeam "Lithuania"]
[BlackTeam "Turkmenistan"]
[WhiteTeamCountry "LTU"]
[BlackTeamCountry "TKM"]

1. d4 Nf6 2. Nf3 g6 3. Nbd2 Bg7 4. e4 d5 5. e5 Nh5 6. h3 0-0 7. Nb3 Bh8 8. Be2 Ng7 9. 0-0 Nf5 10. c4 c6 11. Bf4 Nd7 12. cxd5 cxd5 13. Rc1 e6 14. Qd2 a5 15. g4 Ne7 16. g5 a4 17. Nc5 Nxc5 18. Rxc5 b6 19. Rc2 Ba6 20. Bxa6 Rxa6 21. Rfc1 Ra7 22. h4 Bg7 23. h5 gxh5 24. Kg2 Ng6 25. Be3 Qe7 26. Qe2 Bh8 27. Rh1 Rc7 28. Rxc7 Qxc7 29. Nh4 Nxh4+ 30. Rxh4 Bg7 31. Rh1 Rc8 32. Qf3 Qc4 33. Qxh5 Qd3 34. Rd1 Qe4+ 35. Qf3 Qg6 36. Kg3 Bf8 37. Qf6 Qh5 38. Qf3 Qxf3+ 39. Kxf3 Rc2 40. Rd2 Rc1 41. Re2 Rc4 42. Re1 Kg7 43. Rc1 Kg6 44. Rxc4 dxc4 45. Ke4 b5 46. Bc1 h6 47. gxh6 Bxh6 48. Bxh6 Kxh6 49. Ke3 b4 50. Kd2 Kg5 51. a3 bxa3 52. bxa3 Kf4 53. Kc3 Kf3 54. Kxc4 Kxf2 55. Kb4 Ke3 56. Kc3 Ke4 57. Kc4 Ke3 58. Kc3 1/2-1/2

[Event "World ol U16"]
[Site "Corum"]
[Date "2019.11.03"]
[Round "7.14"]
[White "Borhy, Marcell Boldizsar"]
[Black "Shirliyev, Allayar"]
[Result "1-0"]
[WhiteElo "2321"]
[BlackElo "2149"]
[PlyCount "89"]
[EventDate "2019.10.29"]
[EventType "team-swiss"]
[EventRounds "9"]
[EventCountry "TUR"]
[SourceTitle "CBM 192 Extra"]
[Source "Chessbase"]
[SourceDate "2019.11.06"]
[SourceVersion "1"]
[SourceVersionDate "2019.11.06"]
[SourceQuality "1"]
[WhiteTeam "Hungary"]
[BlackTeam "Turkmenistan"]
[WhiteTeamCountry "HUN"]
[BlackTeamCountry "TKM"]

1. Nf3 d5 2. g3 g6 3. Bg2 Bg7 4. d4 c5 5. 0-0 Nc6 6. dxc5 e5 7. c3 Nge7 8. b4 e4 9. Nd4 Nxd4 10. cxd4 Nc6 11. a3 a5 12. b5 Nxd4 13. Bb2 Ne6 14. Bxg7 Nxg7 15. Nc3 Be6 16. Qd4 0-0 17. Rfd1 f5 18. Nxd5 Bxd5 19. Qxd5+ Qxd5 20. Rxd5 Rad8 21. Rad1 Ne6 22. f3 Rxd5 23. Rxd5 Nc7 24. Rd7 Rf7 25. c6 bxc6 26. Rxf7 Kxf7 27. b6 Na6 28. fxe4 fxe4 29. Bxe4 Nb8 30. Kf2 Ke7 31. Ke3 Kd6 32. h4 Kc5 33. b7 Kb6 34. h5 gxh5 35. Bxh7 Kxb7 36. Bg6 Nd7 37. Bxh5 Kc7 38. Kf4 Kd6 39. g4 c5 40. Bg6 Ne5 41. Bf5 Nc4 42. g5 Nxa3 43. g6 Ke7 44. Kg5 Nb5 45. g7 1-0

[Event "World School-ch U13"]
[Site "Sochi"]
[Date "2016.12.11"]
[Round "9"]
[White "Esipenko, Aleksandr"]
[Black "Shirliyev, Allayar"]
[Result "0-1"]
[WhiteElo "1855"]
[BlackElo "1620"]
[PlyCount "104"]
[EventDate "2016.12.03"]
[EventType "swiss"]
[EventRounds "9"]
[EventCountry "RUS"]
[SourceTitle "EXT 2018"]
[Source "ChessBase"]
[SourceDate "2017.10.13"]
[SourceVersion "1"]
[SourceVersionDate "2017.10.13"]
[SourceQuality "1"]

1. d4 d5 2. Nf3 Nf6 3. e3 e6 4. b3 b6 5. Bb2 Bb4+ 6. c3 Bd6 7. Bd3 Bb7 8. 0-0 0-0 9. Nbd2 Nbd7 10. Qc2 c5 11. c4 cxd4 12. Nxd4 dxc4 13. Nxc4 Rc8 14. Qd2 Bb8 15. Rac1 e5 16. Nf5 Nc5 17. Bb1 Qxd2 18. Nxd2 Rfe8 19. Nc4 Rcd8 20. Rfd1 Bd5 21. f3 g6 22. Ng3 Kf8 23. Kf2 Bxc4 24. bxc4 Ke7 25. e4 Na4 26. Ba3+ Bd6 27. Rxd6 Rxd6 28. Bxd6+ Kxd6 29. Bc2 Nb2 30. Ke2 Rc8 31. Bd3 b5 32. Rb1 Nxd3 33. Kxd3 bxc4+ 34. Kc3 Nd7 35. Nf1 Nb6 36. Ne3 Kc5 37. Ng4 Re8 38. Nf6 Rd8 39. Ng4 Rd3+ 40. Kc2 Kd4 41. Rb5 Rc3+ 42. Kb1 f6 43. Nxf6 Re3 44. Rb2 Re1+ 45. Kc2 Na4 46. Rb8 Re2+ 47. Kc1 Nb6 48. Rd8+ Kc3 49. Nd5+ Nxd5 50. Rxd5 Re1+ 51. Rd1 Rxd1+ 52. Kxd1 Kb2 0-1

[Event "World School-ch U13"]
[Site "Sochi"]
[Date "2016.12.05"]
[Round "3"]
[White "Abramov, Ilya1111"]
[Black "Shirliyev, Allayar"]
[Result "1-0"]
[WhiteElo "1859"]
[BlackElo "1620"]
[PlyCount "111"]
[EventDate "2016.12.03"]
[EventType "swiss"]
[EventRounds "9"]
[EventCountry "RUS"]
[SourceTitle "EXT 2018"]
[Source "ChessBase"]
[SourceDate "2017.10.13"]
[SourceVersion "1"]
[SourceVersionDate "2017.10.13"]
[SourceQuality "1"]

1. d4 Nf6 2. c4 g6 3. Nf3 Bg7 4. g3 d6 5. Bg2 0-0 6. 0-0 c6 7. Nc3 Re8 8. h3 Nbd7 9. e4 e5 10. Re1 a6 11. a4 b6 12. Be3 Bb7 13. dxe5 dxe5 14. Qc2 Qc7 15. Rad1 Rad8 16. Nd2 b5 17. c5 b4 18. Na2 a5 19. Nc4 Bf8 20. Nd6 Bxd6 21. cxd6 Qb8 22. Nc1 Re6 23. Nb3 Rxd6 24. Rxd6 Qxd6 25. Nxa5 Qc7 26. Nc4 Ba6 27. Bf1 c5 28. Rd1 Ne8 29. Qd2 Bb7 30. f3 Kf8 31. a5 Ke7 32. Nb6 Nxb6 33. Qxd8+ Qxd8 34. Rxd8 Kxd8 35. axb6 f5 36. exf5 gxf5 37. Kf2 Nf6 38. Bg5 Ke7 39. Bc4 h6 40. Bh4 f4 41. g4 Bc6 42. Ba6 Ke6 43. Bxf6 Kxf6 44. b7 Bxb7 45. Bxb7 Kg5 46. Ke2 c4 47. Bd5 c3 48. bxc3 bxc3 49. Kd3 Kh4 50. Kxc3 Kxh3 51. Kd3 Kh4 52. Ke4 h5 53. gxh5 Kxh5 54. Kxe5 Kg5 55. Be4 Kh6 56. Kxf4 1-0